000 00492nam a2200181Ia 4500
005 20230508100046.0
008 131103s9999 xx 000 0 und d
040 _aLoreto College
041 _aEnglish
082 _a823.91
_bJOY-CHA
100 _aChatterjee,Sisir
245 _aJames Joyce
_b a study in technique
_cSisir Chatterjee
260 _aBombay
_bOrient Longmans
_c1970
300 _axi,90 p.
504 _aIncludes bibliographical references
850 _aLCLIB
942 _cBK
999 _c4856
_d55335